Indigene Völker Nordamerikas - Karten Quiz - Statistiken

Allgemein
  • Dieses Quiz wurde 34 mal gespielt
    32 seit der letzten Aktualisierung
  • Das Durchschnittsergebnis liegt bei 3 aus 11
Antworten auf der Karte
Die Antworten werden auf der Karte rot bzw. grün angezeigt, abhängig davon wie oft sie richtig erraten wurden.
 
Antwortstatistiken
Antwort % Korrekt
Cree
61%
Zapoteken
50%
Kariben
44%
Mescalero
39%
Mopan
22%
Pipil
22%
Boruca
17%
Payas
17%
Kʼicheʼ
11%
Kuna
6%
Rama
6%
Keine übereinstimmenden Quizze gefunden
Verteilung der Resultate
Anzahl Personen mit jedem Resultat
Perzentil nach korrekt beantworteten Fragen
Ihre Resultats-Entwicklung
Sie haben dieses Quiz seit der letzten Aktualisierung nicht gespielt